000 00711nam a2200217 a 4500
001 BRL_960
005 20190320210954.0
008 291013s1967----mx-o######---#000-0#spa-#
041 _aspa
044 _amx
050 4 _aF1504
_b.H66 1967
245 1 0 _aHonduras
_cEditado por la H. Cámara de diputados del congreso de los Estados Unidos Mexicanos xlvi legislatura
260 _aMéxico
_bPlástica Mexicana
_c1967
300 _a[26] p.
_bil., láminas
_c47 cm.
500 _aAu2274
651 4 _aHonduras
_xDescripcion y viajes
_925451
651 4 _aHonduras
_xVida social y costumbres
_925452
710 2 _aMexico
_bCongreso - Cámara de Diputados - XLVI Legislatura
_925453
902 _aGRL
942 _2lcc
_cB
999 _c9772
_d9772